LEADER 01374nam a2200289 i 4500 001 000000010516 003 CaOOAMICUS 005 20180830125440.0 008 180830s1924 it u000 u ita u 040 $aSeMil$bita 100 1 $aCastelletti, Carlo.$0(OLS)http://semarc/name/5127 245 13$aIl Vangelo di N. S. Gesù Cristo :$bspiegato al popolo in 250 omelie /$cCarlo Castelletti. 260 $aBergamo :$bTipografia Editrice S. Alessandro,$c1924-1926. 300 $a7 v. ;$c23 cm. 500 $aFondo Card. C.M. Martini. 650 4$aBibbia - NT - Vangeli - Omelie, Sermoni, etc.$0(OLS)http://semarc/subject/1678 774 0 $aCastelletti, Carlo$tParte quinta.$w()10517 774 0 $aCastelletti, Carlo$tParte prima.$g1$w()120313 774 0 $aCastelletti, Carlo$tParte seconda.$g2$w()120314 774 0 $aCastelletti, Carlo$tParte terza.$g3$w()120315 774 0 $aCastelletti, Carlo$tParte quarta.$g4$w()120316 774 0 $aCastelletti, Carlo$tOmelie sui Discorsi Maggiori di N. S. Gesù Cristo.$g5$w()120317 774 0 $aCastelletti, Carlo$tSezione 2..$g6$w()120318 774 0 $aCastelletti, Carlo$tParte sesta.$g7$w()120319 941 1 $a4 996 $6245$aIl Vangelo di N. S. Gesù Cristo :$bspiegato al popolo in 250 omelie$9(OLS)http://semarc/title/13900 996 $6260$aBergamo :$bTipografia Editrice S. Alessandro$9(OLS)http://semarc/publisher/32880 LEADER 00953nam a2200229 i 4500 001 000000030941 003 CaOOAMICUS 005 20180830125449.0 008 180830s1838 it u000 u ita u 040 $aSeMil$bita 100 1 $aArtaud de Montor, Alexis François.$0(OLS)http://semarc/name/14184 240 10$aHistoire du pape Pie 7.$0(OLS)http://semarc/title/42091 245 10$aStoria di Pio 7. /$cscritta da A. F. Artaud ; tradotta dall'abate Cesare Rovida. 250 $aEd. 2. con correzioni ed aggiunte. 260 $aMilano :$bGiovanni Resnati,$c1838. 300 $a2 v. ;$c23 cm. 600 04$aPio VII .$0(OLS)http://semarc/subject/4922 700 1 $aRovida, Cesare,$c.$0(OLS)http://semarc/name/3319 774 0 $tVol. 1.$g1$w()235665 774 0 $tVol. 2.$g2$w()235667 996 $6245$aStoria di Pio 7.$9(OLS)http://semarc/title/42094 996 $6260$aMilano :$bGiovanni Resnati$9(OLS)http://semarc/publisher/36993